Jeden z Dziesięciu o YouTube - wszyscy uczestnicy - Statystyki

Ogólne statystyki
  • Ten quiz został rozwiązany 7 razy
  • Średni wynik to 19 z 50
Statystyki odpowiedzi
Nr. Uczestnik % Poprawnych
2 Graf
100%
3 +TEK
75%
1 BądźmyPoważni
50%
9 BądźmyPoważni
50%
5 BartekGM
50%
5 BartekGM
50%
5 BartekGM
50%
4 Bartek Sitek
50%
8 CTSG
50%
10 Dark Archon
50%
3 Dem3000
50%
6 Dibonk
50%
3 GargamelVlog
50%
9 JJayJoker
50%
7 JulaDajeFula
50%
10 Klocuch
50%
1 Mandzio
50%
1 Mietczyński
50%
6 Nama Hecc
50%
8 OwocowaHerba
50%
3 Rock'n'Raptor
50%
2 Rock'n'Raptor
50%
6 Szin
50%
9 Telewizja z Kartonu
50%
5 Adam12q
25%
3 Adam12q
25%
7 Anterias
25%
4 Bartek13g
25%
8 BeZdomny
25%
9 CichyWuj
25%
7 CichyWuj
25%
2 Eon
25%
4 INYH
25%
9 Jasny
25%
7 Kacepru
25%
8 Kasaczek
25%
7 Kicia
25%
1 Kwasior
25%
6 Laniu
25%
10 Luntek
25%
10 Majkel
25%
6 MilosKamilos
25%
2 MilosKamilos
25%
2 Młody Klakson
25%
4 Naky
25%
1 Naruciak
25%
8 Piter
25%
5 Pooky
25%
10 Wiliextreme
25%
4 Zenopopo
25%
Nie znaleziono quizów pasujących do podanych kryteriów
Rozkład punktacji
Procent ludzi z każdym wynikiem
Percentyl według liczby udzielonych odpowiedzi
Twoja historia wyników
Nie rozwiązałeś tego quizu